Derjabandi (Record no. 6953)
[ view plain ]
| 000 -LEADER | |
|---|---|
| fixed length control field | 00435 a2200157 4500 |
| 020 ## - INTERNATIONAL STANDARD BOOK NUMBER | |
| International Standard Book Number | 969474011605 |
| 040 ## - CATALOGING SOURCE | |
| Original cataloging agency | DLC |
| Language of cataloging | DLC |
| 082 ## - DEWEY DECIMAL CLASSIFICATION NUMBER | |
| Classification number | 025.43 |
| 100 ## - MAIN ENTRY--PERSONAL NAME | |
| Personal name | S. Riaz-ud-Din |
| 245 ## - TITLE STATEMENT | |
| Title | Derjabandi |
| Statement of responsibility, etc. | S. Riaz-ud-Din |
| Medium | [Urdu] |
| 260 ## - PUBLICATION, DISTRIBUTION, ETC. | |
| Place of publication, distribution, etc. | Islamabad: , |
| Name of publisher, distributor, etc. | Muqtadara Qumi Zuban |
| Date of publication, distribution, etc. | 1993. |
| 300 ## - PHYSICAL DESCRIPTION | |
| Extent | 316 p. ; |
| Dimensions | 24 cm. |
| 500 ## - GENERAL NOTE | |
| General note | Includes bibliographical references and index |
| 650 ## - SUBJECT ADDED ENTRY--TOPICAL TERM | |
| Topical term or geographic name entry element | Classification |
| 942 ## - ADDED ENTRY ELEMENTS (KOHA) | |
| Koha item type | Book |
| Call number prefix | 025.43 RIA |
| Source of classification or shelving scheme | |
| Withdrawn status | Lost status | Damaged status | Not for loan | Collection code | Permanent Location | Current Location | Shelving location | Date acquired | Source of acquisition | Cost, normal purchase price | Total Checkouts | Full call number | Barcode | Date last seen | Price effective from | Koha item type |
|---|---|---|---|---|---|---|---|---|---|---|---|---|---|---|---|---|
| Central Library (CL) | Central Library (CL) | First Floor - Journalism | 08/23/2002 | National Language Authority | 60.00 | 025.43 RIA | SEECS002311 | 11/14/2012 | 01/05/2017 | Book | ||||||
| Central Library (CL) | Central Library (CL) | First Floor - Journalism | 12/22/2009 | Donation | 0.00 | 025.43 RIA | SEECS009881 | 11/14/2012 | 01/05/2017 | Book |
